10 to 1: International Foods Quiz Stats

 Plays Quiz Updated Dec 5, 2015

Support Sporcle.
Go Orange.
Score 0/55 Timer 06:00
15 Plays Today
% Correct
Cannelloni
95.5%
Bruschetta
94.3%
Ravioli
94.3%
Risotto
92.8%
Prosciutto
92%
Quesadillas
91.3%
Gelato
91.3%
Gnocchi
91.2%
Huevos rancheros
90.8%
Empanadas
90.4%
Arroz con pollo
89.8%
Carne asada
89.2%
Carnitas
87.7%
Kung Pao chicken
86.8%
Peking duck
85.3%
Minestrone
84.9%
Chow mein
84.4%
Tiramisu
83.9%
Kimchi
80.8%
Naan
79.5%
Sukiyaki
78.3%
Egg tong sui
76.6%
Tempura
75.8%
Albondigas
71.9%
Yakitori
70.1%
Vindaloo
69.6%
Kimbap
69.1%
Ceviche
66.7%
% Correct
Biryani
66.4%
Coddle
65.7%
Samosa
65.5%
Poutine
65%
Bibimbap
63.1%
Dal
62.2%
Pierogi
61.3%
Menudo
60.1%
Colcannon
58.9%
Ossobuco
58.1%
Boxty
57.8%
Udon
57.8%
Naengmyeon
56.8%
Champ
56.7%
Kielbasa
55.1%
Saag
54.8%
Century egg
54.8%
Mapo tofu
50.5%
Bulgogi
48.1%
Zongzi
45.4%
Pajeon
44.1%
Mochi
42.7%
Sannakji
36.7%
Kitfo
34.3%
Injera
33.3%
Galbi
29.9%
Wat
27.6%

From the Vault

US #1 Songs of the Year

by rockgolf

Music 11m
They were the biggest hits of the entire year. How hard can it be to name them?
Remove Ads.
Support Sporcle.
Get the best of Sporcle when you Go Orange. This ad-free experience offers more features, more stats, and more fun while also helping to support Sporcle. Thank you for becoming a member.

Show Comments

Extras

Top Quizzes Today


Score Distribution

Your Account Isn't Verified!

In order to create a playlist on Sporcle, you need to verify the email address you used during registration. Go to your Sporcle Settings to finish the process.

Report this User

Report this user for behavior that violates our Community Guidelines.

Details: